| 000 | 01193nam a22002657a 4500 | ||
|---|---|---|---|
| 999 |
_c65456 _d65456 |
||
| 005 | 20240530110825.0 | ||
| 008 | 190805s2019 ua a g b 000 0 ara d | ||
| 017 |
_a8977/2018 _bمصر. دار الكتب المصرية |
||
| 020 | _a9789776543539 | ||
| 040 | _aEG-CaGPL | ||
| 082 | 0 | 4 |
_221 _a370.152/ _bب د |
| 100 | 1 | _aبجاى، تشيرايل | |
| 245 | 1 | 0 |
_aدليل تنمية مهارات الذكاء العاطفى ومهارات الحياة : _bادوات واساليب لمساعدة الطلاب على النجاح فى الحياة العملية / _cتشيرايل بجاى ؛ تعريب ابراهيم احمد مسلم الحارثى |
| 250 | _aط.1 | ||
| 260 |
_aالقاهرة : _bروابط للنشر وتقنية المعلومات، _c2019 . |
||
| 300 |
_a155 ص. : _bايض ؛ _c24 سم . |
||
| 650 | 0 | 7 |
_2qarmak _aعلم النفس التربوى |
| 650 | 0 | 7 |
_2qarmak _aالذكاء |
| 650 | 0 | 7 |
_2qarmak _aالتفكير |
| 650 | 0 | 7 |
_2qarmak _aالمجاملات |
| 650 | 0 | 7 |
_2qarmak _aالقدرات _xعلم نفس |
| 700 | 0 |
_aابراهيم احمد مسلم الحارثى _eمترجم |
|
| 942 |
_2ddc _cBK |
||